[Event "Chpt de Mque"]
[Site "?"]
[Date "????.??.??"]
[Round "8.11"]
[White "Louis-georges, J."]
[Black "Deblay, M."]
[Result "1-0"]
[WhiteElo "1660"]
[BlackElo "1230"]
[PlyCount "69"]

1. e4 c5 2. Nf3 Nc6 3. d4 cxd4 4. Nxd4 Nf6 5. Nc3 e6 6. a3 a5 7. Be3 Be7 8. Be2
d6 9. Ndb5 O-O 10. Qd2 Ne8 11. O-O-O f5 12. Kb1 fxe4 13. Nxe4 d5 14. Ng5 h6 15.
Nf3 Nd6 16. Nxd6 Bxd6 17. Nd4 Nxd4 18. Qxd4 Rf6 19. g4 Qc7 20. h4 Bf4 21. g5
Bxe3 22. Qxe3 hxg5 23. hxg5 Rf4 24. Qh3 Kf7 25. Qh5+ Ke7 26. Qg6 Rxf2 27. Qxg7+
Kd6 28. Qxc7+ Kxc7 29. Bd3 Rg2 30. Rdg1 Rxg1+ 31. Rxg1 Bd7 32. Bh7 e5 33. Kc1
Rb8 34. g6 Bf5 35. g7 1-0

[Event "Chpt de Mque"]
[Site "?"]
[Date "????.??.??"]
[Round "8.13"]
[White "Lefor, P."]
[Black "Nero, A."]
[Result "1-0"]
[WhiteElo "1300"]
[BlackElo "1499"]
[PlyCount "68"]

1. c4 Nf6 2. Nc3 e6 3. Nf3 d5 4. e3 Nbd7 5. d4 c5 6. Bd3 dxc4 7. Bxc4 a6 8. a4
Nb6 9. Be2 cxd4 10. exd4 Bb4 11. O-O O-O 12. Bg5 Be7 13. Bd3 h6 14. Bh4 Bd7 15.
Ne5 Nfd5 16. Bxe7 Qxe7 17. a5 Nxc3 18. bxc3 Nd5 19. c4 Nf6 20. Nxd7 Qxd7 21.
Rb1 Rfd8 22. Be2 Qc7 23. Rb6 Rd6 24. c5 Rd7 25. Bf3 Nd5 26. Bxd5 Rxd5 27. Qa4
Rdd8 28. c6 Rxd4 29. Rxb7 Rxa4 30. Rxc7 Rc4 31. Rb1 Rc5 32. h3 f6 33. Rbb7 Kh8
34. Rd7 Rxc6 {Patie illisible} 1-0

[Event "Chpt de Mque"]
[Site "?"]
[Date "????.??.??"]
[Round "8.14"]
[White "Rustal, D."]
[Black "Harmenil, K."]
[Result "0-1"]
[WhiteElo "1400"]
[BlackElo "1600"]
[PlyCount "106"]

1. e4 c5 2. Bc4 Nc6 3. Nf3 a6 4. a3 g6 5. Nc3 Bg7 6. d3 d6 7. h3 e6 8. O-O Nge7
9. Ne2 O-O 10. Rb1 Ne5 11. Nxe5 Bxe5 12. Bg5 b5 13. Ba2 Qd7 14. c3 Bb7 15. f4
Bg7 16. Bxe7 Qxe7 17. Nd4 Qh4 18. Qf3 Rfd8 19. f5 exf5 20. Nxf5 gxf5 21. Qxf5
Rf8 22. Rf4 Qe7 23. Rbf1 Bc8 24. Bxf7+ Qxf7 25. Qxf7+ Rxf7 26. Rxf7 Be6 27. Re7
Bb3 28. Rf5 h6 29. g4 Bf8 30. Rc7 Bg7 31. Kg2 Be6 32. Rf3 a5 33. Re7 Bb3 34.
Rf5 b4 35. axb4 axb4 36. c4 Bxb2 37. g5 hxg5 38. Rxg5+ Kf8 39. Rb7 Bd1 40. Rf5+
Kg8 41. Rg5+ Kh8 42. Rf5 Bd4 43. Kf1 Rg8 44. Ke1 Rg1+ 45. Kd2 Bc3+ 46. Ke3 Rg7
47. Rf8+ Kh7 48. Rxg7+ Kxg7 49. Rb8 b3 50. Kf4 b2 51. Kf5 Bh5 52. Rb7+ Bf7 53.
Kg5 Bb4 0-1

[Event "Chpt de Mque"]
[Site "?"]
[Date "????.??.??"]
[Round "8.15"]
[White "Bellune, S."]
[Black "Marie-magdeleine , S."]
[Result "*"]
[WhiteElo "1580"]
[BlackElo "1460"]
[PlyCount "54"]

1. e4 c5 2. Nf3 d6 3. d4 Bg4 4. Bb5+ Bd7 5. Be2 cxd4 6. Nxd4 Nc6 7. O-O Nf6 8.
Nc3 Nxd4 9. Qxd4 e6 10. Bg5 Be7 11. Rad1 e5 12. Qd3 Bc6 13. Bxf6 gxf6 14. Nd5
Bf8 15. Bh5 f5 16. exf5 Bxd5 17. Qxd5 Qd7 18. Qe6+ Qxe6 19. fxe6 Ke7 20. exf7
a5 21. f4 exf4 22. Rxf4 Bg7 23. b3 b5 24. a4 b4 25. Rc4 Rac8 26. Rxc8 Rxc8 27.
Rd2 Rc5 {Suite illisible} *

[Event "CHPT MTQUE 2002"]
[Site "?"]
[Date "????.03.30"]
[Round "8.17"]
[White "BOURGEOIS, P.."]
[Black "DEBLAY, N.."]
[Result "1/2-1/2"]
[WhiteElo "1499"]
[BlackElo "1200"]
[PlyCount "52"]

1. e4 c5 2. Nf3 d6 3. Nc3 Nf6 4. Bc4 g6 5. d4 cxd4 6. Nxd4 Bg7 7. h3 O-O 8. Be3
Nc6 9. a3 Nxd4 10. Bxd4 Bd7 11. Qd2 Rc8 12. Bd5 b6 13. Qe2 Nxd5 14. Bxg7 Nxc3
15. Bxc3 Bc6 16. Qe3 e5 17. h4 Qc7 18. h5 Rcd8 19. Bd2 Rd7 20. Rc1 f5 21. hxg6
hxg6 22. Qh6 Rh7 23. Qxg6+ Qg7 24. Qxh7+ Qxh7 25. Rxh7 Kxh7 26. f3 fxe4 1/2-1/2

[Event "Chpt de Mque"]
[Site "?"]
[Date "????.??.??"]
[Round "8.16"]
[White "Marie Magdeleine, M."]
[Black "Harmenil, B."]
[Result "1/2-1/2"]
[WhiteElo "1420"]
[BlackElo "1520"]
[PlyCount "110"]

1. e4 e6 2. d4 d5 3. e5 c5 4. c3 Nc6 5. Be3 Qb6 6. Qd2 cxd4 7. cxd4 Nge7 8. Nf3
Nf5 9. a3 Bd7 10. Nc3 Na5 11. Rb1 Nb3 12. Qd3 Be7 13. g3 O-O 14. Bh3 Nxe3 15.
fxe3 Qa5 16. Nd2 Nxd2 17. Qxd2 Rac8 18. Rc1 Rc7 19. Na2 Qxd2+ 20. Kxd2 Rfc8 21.
Rxc7 Rxc7 22. Rc1 Rxc1 23. Kxc1 Bb5 24. Kd2 Bc4 25. Nc3 Kf8 26. Bg4 a6 27. b4
a5 28. bxa5 Bxa3 29. Bd1 Bb4 30. Bc2 Bxa5 31. e4 b5 32. Bb1 b4 33. Na4 Bb5 34.
Nb2 Bc6 35. exd5 Bxd5 36. Kd3 b3 37. Nc4 Bxc4+ 38. Kxc4 b2 39. Kd3 Ke7 40. Kc2
Bb6 41. Kc3 h6 42. g4 f6 43. exf6+ Kxf6 44. Kxb2 Bxd4+ 45. Kc2 Kg5 46. Ba2 e5
47. Be6 Kh4 48. Kd3 g5 49. Ke4 Kh3 50. Kf5 Kxh2 51. Kg6 Be3 52. Kxh6 Kg3 53.
Kg6 Kf4 54. Bf5 e4 55. Bd7 Kf3 1/2-1/2

[Event "Chpt de Mque"]
[Site "?"]
[Date "????.??.??"]
[Round "8.19"]
[White "Milton , S."]
[Black "Manuel , S."]
[Result "0-1"]
[WhiteElo "1210"]
[BlackElo "1499"]
[PlyCount "52"]

1. e4 Nf6 2. Nc3 d6 3. d4 g6 4. Nf3 Bg7 5. Bg5 O-O 6. Bxf6 Bxf6 7. Qd2 b6 8.
O-O-O Bg4 9. Be2 Bxf3 10. Bxf3 e5 11. Nd5 Bg5 12. Ne3 Nc6 13. d5 Na5 14. b3 Qe7
15. g3 Rac8 16. h4 Bh6 17. h5 Bg5 18. hxg6 fxg6 19. Rh2 c5 20. Rdh1 h6 21. Bg4
Rc7 22. Rf1 Qg7 23. f4 exf4 24. Be6+ Kh7 25. Qe2 fxe3 26. c4 Qa1+ 0-1

[Event "Chpt de Mque"]
[Site "?"]
[Date "????.??.??"]
[Round "8.19"]
[White "Aricat, M."]
[Black "Jean-Théodore, Y."]
[Result "1-0"]
[WhiteElo "1499"]
[BlackElo "1380"]
[PlyCount "64"]

1. d4 d5 2. c4 c6 3. Nc3 e6 4. Bf4 h6 5. c5 Nf6 6. e3 b6 7. b4 Be7 8. Qc2 Ba6
9. Nge2 Bb7 10. b5 bxc5 11. bxc6 Nxc6 12. Nb5 O-O 13. Rb1 Rc8 14. dxc5 Qa5+ 15.
Nec3 Bxc5 16. Bd3 d4 17. exd4 Nxd4 18. Nxd4 Bxd4 19. O-O Rxc3 20. Qd2 Qd5 21.
Rxb7 Qxb7 22. Qe2 Rcc8 23. h3 Qb8 24. Bxb8 Rxb8 25. Rd1 Rb2 26. Bc2 Bb6 27. g4
Kh8 28. Kh2 Nd5 29. Qd3 Nf6 30. Qa3 Rxc2 31. Qxf8+ Ng8 32. Qxf7 Rxf2+ {
Suite illisible} 1-0

[Event "Chpt de Mque"]
[Site "?"]
[Date "????.??.??"]
[Round "8.19"]
[White "Aricat, M."]
[Black "Jean-Théodore, Y."]
[Result "1-0"]
[WhiteElo "1499"]
[BlackElo "1380"]
[PlyCount "65"]

1. d4 d5 2. c4 c6 3. Nc3 e6 4. Bf4 h6 5. c5 Nf6 6. e3 b6 7. b4 Be7 8. Qc2 Ba6
9. Nge2 Bb7 10. b5 bxc5 11. bxc6 Nxc6 12. Nb5 O-O 13. Rb1 Rc8 14. dxc5 Qa5+ 15.
Nec3 Bxc5 16. Bd3 d4 17. exd4 Nxd4 18. Nxd4 Bxd4 19. O-O Rxc3 20. Qd2 Qd5 21.
Rxb7 Qxb7 22. Qe2 Rcc8 23. h3 Qb8 24. Bxb8 Rxb8 25. Rd1 Rb2 26. Bc2 Bb6 27. g4
Kh8 28. Kh2 Nd5 29. Qd3 Nf6 30. Qa3 Rxc2 31. Qxf8+ Ng8 32. Qxf7 Rxf2+ {
Coup 33.Dxe6 
} 33. Kh1 1-0

[Event "Chpt de Mque"]
[Site "?"]
[Date "????.??.??"]
[Round "8.20"]
[White "Goujot , G."]
[Black "Marchal, J."]
[Result "0-1"]
[WhiteElo "1499"]
[BlackElo "1700"]
[PlyCount "96"]

1. e4 Nc6 2. Nf3 e5 3. d4 exd4 4. Bc4 Be7 5. Nxd4 Nf6 6. Nc3 Ne5 7. Bd3 O-O 8.
O-O d5 9. Bg5 c5 10. Nf3 Nxd3 11. cxd3 d4 12. Ne2 Bg4 13. Nf4 Nd5 14. Bxe7 Nxe7
15. b3 f5 16. Ne6 Qd7 17. Nxf8 Rxf8 18. Re1 fxe4 19. Rxe4 Bxf3 20. gxf3 Ng6 21.
Rc1 b6 22. Rc4 Qh3 23. Qe2 Nh4 24. Rxh4 Qxh4 25. b4 Qh5 26. Qe6+ Kh8 27. Qg4
Qe5 28. bxc5 bxc5 29. Qe4 Qd6 30. Ra4 a6 31. h4 h6 32. h5 Rb8 33. Qg6 Qxg6+ 34.
hxg6 Rb6 35. Rc4 Rxg6+ 36. Kh2 Rc6 37. a4 Kh7 38. Kg3 Kg6 39. Rc1 Kf5 40. f4 g6
41. Re1 c4 42. dxc4 Rxc4 43. Re5+ Kf6 44. Kf3 Rxa4 45. Ke4 h5 46. f5 d3+ 47.
Kd5 Ra5+ 48. Kd6 Rxe5 0-1

[Event "Chpt de Mque"]
[Site "?"]
[Date "????.??.??"]
[Round "8.21"]
[White "Sabin, J."]
[Black "Lirette, C."]
[Result "1-0"]
[WhiteElo "1640"]
[BlackElo "1190"]
[PlyCount "47"]

1. d4 d5 2. e4 e6 3. Be3 Be7 4. Nd2 dxe4 5. Nxe4 b6 6. Bb5+ Bd7 7. Bxd7+ Nxd7
8. Nf3 Ngf6 9. Qd3 Nxe4 10. Qxe4 Bf6 11. O-O O-O 12. Rad1 Re8 13. Ne5 Qc8 14.
f4 g6 15. Rf3 Bg7 16. Rh3 Nf6 17. Qf3 Nd5 18. Bd2 c5 19. c4 Bxe5 20. fxe5 Nb4
21. Rxh7 Kxh7 22. Qxf7+ Kh8 23. Bg5 Rf8 24. Bf6# 1-0

[Event "Chpt de Mque"]
[Site "?"]
[Date "????.??.??"]
[Round "8.22"]
[White "Auguste , G."]
[Black "Riam, R."]
[Result "0-1"]
[WhiteElo "1570"]
[BlackElo "1370"]
[PlyCount "56"]

1. e4 e5 2. Nf3 d6 3. d4 Nd7 4. c3 h6 5. Be3 Ngf6 6. Nbd2 Be7 7. h3 b6 8. d5
O-O 9. Bb5 Bb7 10. O-O Nh7 11. Re1 f5 12. exf5 Rxf5 13. Bd3 Rf7 14. Qc2 Ndf8
15. c4 Bc8 16. Bxh7+ Nxh7 17. Qg6 Bf5 18. Qg3 Rf6 19. Nh4 Qd7 20. Nxf5 Qxf5 21.
Qf3 Qg6 22. Qe4 Qf7 23. Nf3 Rf8 24. Re2 Rg6 25. Nh4 Bxh4 26. Qxh4 Ng5 27. Rf1
Nf3+ 28. Kh1 Nxh4 0-1

[Event "Chpt de Mque"]
[Site "?"]
[Date "????.??.??"]
[Round "8.23"]
[White "Cidolit, N."]
[Black "Aurignac, JC."]
[Result "1-0"]
[WhiteElo "1450"]
[BlackElo "1500"]
[PlyCount "41"]

1. c4 Nf6 2. Nc3 e6 3. g3 Bb4 4. Bg2 O-O 5. Nf3 c6 6. a3 Ba5 7. b4 Bb6 8. c5
Bc7 9. Bb2 d6 10. cxd6 Bxd6 11. O-O Bd7 12. e4 e5 13. Ne2 Re8 14. Re1 Qc7 15.
d4 Nxe4 16. dxe5 Nxf2 17. Kxf2 Bxe5 18. Nxe5 Rxe5 19. Bxe5 Qxe5 20. Nf4 Qf5 21.
Re8+ {Manque coups} 1-0

[Event "Chpt de  Mque"]
[Site "?"]
[Date "????.??.??"]
[Round "8.24"]
[White "Hubervic-Renard, B."]
[Black "Duclos, D."]
[Result "0-1"]
[WhiteElo "1350"]
[BlackElo "1300"]
[PlyCount "112"]

1. e4 e5 2. Bc4 Nf6 3. Nc3 Bc5 4. d3 Ng4 5. Qxg4 O-O 6. Bh6 Qf6 7. Bg5 Qxf2+ 8.
Kd1 d6 9. Qg3 Qxg3 10. hxg3 h6 11. Bd2 Nc6 12. Nf3 Bg4 13. Rh4 h5 14. Ke1 Bxf3
15. gxf3 g6 16. Nd5 Rac8 17. c3 Kg7 18. b4 Bb6 19. Nxb6 cxb6 20. Bb3 b5 21. Be3
Rh8 22. Bd5 a6 23. Kd2 f6 24. g4 hxg4 25. Rxg4 Rh2+ 26. Ke1 Ne7 27. Rc1 f5 28.
Rg1 Nxd5 29. exd5 Rxa2 30. f4 e4 31. dxe4 Kf6 32. Bd4+ Kf7 33. exf5 gxf5 34.
Kf1 Rg8 35. Rxg8 Kxg8 36. Re1 Kf7 37. Re2 Ra1+ 38. Kg2 Kg6 39. Kh3 Kh5 40. Rg2
Rh1+ 41. Rh2 Rxh2+ 42. Kxh2 Kg4 43. Be3 Kf3 44. Bc1 Ke4 45. Kh3 b6 46. Kh4 Kxd5
47. Be3 Ke4 48. Kg5 a5 49. bxa5 bxa5 50. Bc1 b4 51. cxb4 axb4 52. Kf6 d5 53.
Ke6 d4 54. Kd6 d3 55. Kc5 b3 56. Kc4 b2 0-1

[Event "Chpt de Mque"]
[Site "?"]
[Date "????.??.??"]
[Round "8.25"]
[White "Mongin, L."]
[Black "Cidolit, K."]
[Result "*"]
[WhiteElo "1300"]
[BlackElo "1009"]
[PlyCount "89"]

1. e4 e5 2. Nf3 Nc6 3. Bc4 h6 4. Nc3 Nf6 5. d4 exd4 6. Nxd4 Nxd4 7. Qxd4 Be7 8.
b3 O-O 9. Bb2 d6 10. Nd5 c6 11. Nxe7+ Qxe7 12. f3 c5 13. Qd3 Nh5 14. O-O-O Nf4
15. Qd2 Ng6 16. Qxd6 Qg5+ 17. Kb1 b6 18. Qd5 Qxd5 19. Bxd5 Rb8 20. c4 Nf4 21.
Be5 Nxd5 22. Rxd5 Rb7 23. Rhd1 Be6 24. Rd8 Rxd8 25. Rxd8+ Kh7 26. Rd6 f6 27.
Rxe6 fxe5 28. Rxe5 Rd7 29. Rd5 Rxd5 30. exd5 Kg8 31. Kc2 Kf7 32. Kd3 Ke7 33.
Ke4 Kd6 34. a4 a6 35. Kf5 b5 36. a5 Ke7 37. g4 Kf7 38. cxb5 axb5 39. a6 c4 40.
bxc4 bxc4 41. a7 c3 42. a8=Q c2 43. Qb7+ Kg8 44. Kg6 Kf8 45. Qf7# *

[Event "Chpt de Mque"]
[Site "?"]
[Date "????.??.??"]
[Round "8.26"]
[White "Germont, A."]
[Black "Delyon, A."]
[Result "0-1"]
[WhiteElo "1300"]
[BlackElo "1640"]
[PlyCount "64"]

1. e4 e5 2. Nf3 Nc6 3. Bb5 Nf6 4. O-O d6 5. h3 Nxe4 6. d4 Bd7 7. Re1 Nf6 8. Nc3
Be7 9. Bd3 exd4 10. Ne4 Be6 11. Nxf6+ Bxf6 12. b3 Qd7 13. Bb2 a6 14. Bf5 O-O-O
15. Bxe6 fxe6 16. Nxd4 Nxd4 17. Bxd4 Rhf8 18. Rb1 Qf7 19. c3 Bxd4 20. Qxd4 b6
21. Rf1 e5 22. Qg4+ Qd7 23. Qe2 Kb7 24. a4 Rf6 25. Rb2 Rg6 26. f3 Qxh3 27. Qf2
Rf8 28. Re2 Rf4 29. Re3 Rh4 30. Qd2 Qh2+ 31. Kf2 Rxg2+ 32. Ke1 Rxd2 0-1

[Event "Chpt de Mque"]
[Site "?"]
[Date "????.??.??"]
[Round "8.27"]
[White "Bingue , H."]
[Black "Deblay, T."]
[Result "0-1"]
[WhiteElo "1270"]
[BlackElo "1150"]
[PlyCount "61"]

1. e4 d6 2. d4 Nf6 3. Nc3 g6 4. Nf3 Bg7 5. Bg5 c6 6. Be2 O-O 7. e5 dxe5 8. dxe5
Nd5 9. Nxd5 cxd5 10. c4 Qa5+ 11. Qd2 Qxd2+ 12. Bxd2 Rd8 13. c5 Nc6 14. O-O Nxe5
15. Nxe5 Bxe5 16. Ba5 Rf8 17. Bf3 e6 18. Rab1 Bd7 19. Bb4 Rfc8 20. Rfe1 Bg7 21.
g3 b6 22. cxb6 axb6 23. a3 Ba4 24. b3 Bb5 25. a4 Ba6 26. Rbc1 Rxc1 27. Rxc1 b5
28. axb5 Bxb5 29. Rc5 Ra1+ 30. Kg2 Bf1+ 31. Kg1 0-1

[Event "Chpt de Mque"]
[Site "?"]
[Date "????.??.??"]
[Round "8.28"]
[White "Jabbour, S."]
[Black "Milton, P."]
[Result "*"]
[WhiteElo "1199"]
[BlackElo "1090"]
[PlyCount "78"]

1. d4 d5 2. f4 Bf5 3. e3 Nf6 4. Nf3 Be4 5. Nc3 Bf5 6. Bd3 Qd7 7. O-O Qe6 8. Ne5
g6 9. b3 a6 10. b4 Ng4 11. b5 h5 12. h3 Nxe5 13. dxe5 c6 14. b6 c5 15. Rb1 d4
16. Bxf5 gxf5 17. exd4 Qc4 18. Bd2 Qxd4+ 19. Kh1 Nc6 20. Ne2 Qd5 21. Ng3 Rg8
22. Rf3 Nd4 23. Ra3 h4 24. c3 Nb5 25. c4 Qxc4 26. Rab3 hxg3 27. Rc1 Qd5 28. Qc2
Nd4 29. Qxc5 Qxc5 30. Rxc5 Nxb3 31. Rc7 Nxd2 32. Rxb7 f6 33. Ra7 Rc8 34. Rc7
Rxc7 35. bxc7 Kd7 36. c8=Q+ Kxc8 37. exf6 exf6 38. a4 Bh6 39. a5 Re8 *

[Event "Chpt de Mque"]
[Site "?"]
[Date "????.??.??"]
[Round "8.29"]
[White "Anglio, C."]
[Black "Jesoph, E."]
[Result "0-1"]
[WhiteElo "1099"]
[BlackElo "1199"]
[PlyCount "70"]

1. e4 e5 2. Nf3 Nc6 3. Nc3 d6 4. Bc4 h6 5. Bb5 Bd7 6. d3 a6 7. Bxc6 Bxc6 8. O-O
Nf6 9. b3 Be7 10. Bb2 Bd7 11. Nd5 Nxd5 12. exd5 Bg4 13. d4 Bxf3 14. Qxf3 Qd7
15. dxe5 dxe5 16. Bxe5 f6 17. Bg3 O-O-O 18. Rad1 g5 19. h3 f5 20. Be5 Rhg8 21.
Qe3 Kb8 22. Rd3 Rde8 23. Qd4 Bd6 24. Bxd6 Qxd6 25. c3 Re4 26. Qxe4 fxe4 27. Rd4
Re8 28. Re1 Qc5 29. c4 Qxd4 30. g3 e3 31. fxe3 Rxe3 32. Rf1 Rxb3+ 33. Rf2 Rxg3+
34. Kh2 Qxf2+ 35. Kh1 Qg1# 0-1

[Event "Chpt de Mque"]
[Site "?"]
[Date "????.??.??"]
[Round "8.30"]
[White "Germe, J."]
[Black "Mudard , F."]
[Result "0-1"]
[WhiteElo "1100"]
[BlackElo "1499"]
[PlyCount "72"]

1. e4 e5 2. Nf3 Nc6 3. Bc4 Be7 4. O-O Nf6 5. Nc3 d6 6. Be2 O-O 7. d3 Bg4 8. Bg5
h6 9. Be3 d5 10. h3 Bxf3 11. Bxf3 d4 12. Bd2 dxc3 13. Bxc3 Nd4 14. Bg4 Nxg4 15.
Qxg4 Nxc2 16. Rac1 Nd4 17. Bd2 g6 18. Bxh6 Re8 19. g3 c6 20. h4 Kh7 21. Be3 Qd6
22. h5 Rg8 23. hxg6+ Qxg6 24. Qh3+ Kg7 25. Bh6+ Qxh6 26. Qd7 Ne2+ 27. Kg2 Nxc1
28. Qxe7 Nxd3 29. Qxb7 Rh8 30. f4 exf4 31. gxf4 Qg6+ 32. Kf3 Rh3+ 33. Ke2 Qg2+
34. Kd1 Qxf1+ 35. Kd2 Qf2+ 36. Kd1 Rh1# 0-1

[Event "Chpt de Mque"]
[Site "?"]
[Date "????.??.??"]
[Round "8.31"]
[White "Nal, C."]
[Black "Justine, L."]
[Result "0-1"]
[WhiteElo "1009"]
[BlackElo "1099"]
[PlyCount "68"]

1. e4 e5 2. d3 Nf6 3. Nf3 Nc6 4. Nc3 Bc5 5. Be2 O-O 6. O-O d6 7. Qe1 Nb4 8. Rb1
Nxc2 9. Qd1 Be6 10. h4 Nb4 11. a3 Nc6 12. Re1 Nd4 13. Bf1 Nxf3+ 14. Qxf3 Bg4
15. Qg3 a5 16. b4 Bb6 17. Bb2 Be6 18. Kh1 Nh5 19. Qg5 f6 20. Qxh5 Bxf2 21. Re2
g6 22. Qh6 f5 23. Rxf2 d5 24. exd5 Bc8 25. Ra1 e4 26. bxa5 e3 27. Rf3 f4 28.
Rxf4 Re8 29. Be2 Rxa5 30. Rff1 Re5 31. Bg4 Ra6 32. Bc1 g5 33. hxg5 Rxh6+ 34.
Kg1 Rh4 0-1